[Event "Moscow2"]
[Site "Moscow"]
[Date "1991.??.??"]
[Round "?"]
[White "Shvedchikov, Anatoli I"]
[Black "Ivanov, MD."]
[Result "0-1"]
[WhiteElo "2395"]
[BlackElo "2280"]
[PlyCount "128"]
[EventDate "1991.??.??"]
[EventType "tourn"]
[EventRounds "11"]
[EventCountry "URS"]
[EventCategory "5"]
[SourceTitle "CBM 021 Extra"]
[Source "ChessBase"]
[SourceDate "1991.05.01"]
[SourceVersion "1"]
[SourceVersionDate "1991.05.01"]
[SourceQuality "1"]

1. d4 g6 2. c4 Nf6 3. Nf3 Bg7 4. g3 0-0 5. Bg2 d6 6. 0-0 Nc6 7. Nc3 a6 8. b3 Rb8 9. Bb2 b5 10. cxb5 axb5 11. Rc1 b4 12. Na4 Na5 13. Qc2 c6 14. Nd2 Ba6 15. Rfe1 Nd5 16. Nc4 Nxc4 17. bxc4 Nb6 18. Nxb6 Qxb6 19. c5 Qa5 20. cxd6 exd6 21. Bxc6 Qxa2 22. Ra1 Qc4 23. Qa4 Bb7 24. Bxb7 Rxb7 25. Qa6 Qxa6 26. Rxa6 Rc8 27. e3 Rc2 28. Rb1 d5 29. Ra5 Bf8 30. Rxd5 Ra7 31. Bc1 Raa2 32. Rd8 Kg7 33. e4 b3 34. Rb8 Rxf2 35. R8xb3 Rg2+ 36. Kf1 Rxh2 37. Kg1 Rag2+ 38. Kf1 Rc2 39. Kg1 Rhe2 40. Kf1 Rxe4 41. Bf4 h5 42. Re1 Rxe1+ 43. Kxe1 Kf6 44. Rb5 Ke6 45. Re5+ Kd7 46. Rd5+ Ke8 47. Kd1 Ra2 48. Re5+ Be7 49. Bg5 Ra7 50. Kd2 Kd8 51. Bf4 Bf6 52. Re4 Re7 53. Rxe7 Bxe7 54. Kd3 Kd7 55. Be3 Bd6 56. Bf2 Ke6 57. Ke4 f5+ 58. Ke3 Kd5 59. Kd3 Bc7 60. Ke3 Kc4 61. Kf3 Bb6 62. Kf4 Bxd4 63. Kg5 Bxf2 64. Kxg6 f4 0-1